Kanye West's 50 Most Streamed Songs - Statistics

General Stats
  • This quiz has been taken 128 times
  • The average score is 29 of 50
Answer Stats
# Song EAS Album Features % Correct
2 N*ggas in Paris 1,498,000 Watch the Throne Jay-Z
98%
10 Flashing Lights 787,000 Graduation Dwele
89%
5 Heartless 1,054,000 808s and Heartbreak -
89%
16 Runaway 587,000 My Beautiful Dark Twisted Fantasy Pusha T
88%
9 Bound 2 822,000 Yeezus -
87%
4 Gold Digger 1,204,000 Late Registration Jamie Foxx
85%
1 Stronger 1,585,000 Graduation -
85%
31 Devil in a New Dress 382,000 My Beautiful Dark Twisted Fantasy Rick Ross
83%
19 Homecoming 534,000 Graduation Chris Martin
83%
29 Monster 406,000 My Beautiful Dark Twisted Fantasy Jay-Z, Rick Ross, Nicki Minaj
83%
6 POWER 1,051,000 My Beautiful Dark Twisted Fantasy Dwele
83%
11 All of the Lights 714,000 My Beautiful Dark Twisted Fantasy Rihanna, Kid Cudi
80%
24 I Wonder 428,000 Graduation -
79%
17 All Falls Down 541,000 The College Dropout Syleena Johnson
75%
23 Good Life 429,000 Graduation T-Pain
72%
21 Can't Tell Me Nothing 506,000 Graduation -
70%
35 Good Morning 303,000 Graduation Connie Mitchell, Tony Williams
69%
45 Gorgeous 236,000 My Beautiful Dark Twisted Fantasy Kid Cudi, Raekwon
65%
12 Black Skinhead 706,000 Yeezus -
64%
8 Father Stretch My Hands Pt. 1 858,000 The Life of Pablo Kid Cudi
64%
13 Famous 692,000 The Life of Pablo -
60%
27 No Church in the Wild 413,000 Watch the Throne Frank Ocean, Jay-Z, The-Dream
60%
28 Ultralight beam 410,000 The Life of Pablo Chance the Rapper, Kelly Price, The-Dream
58%
46 Dark Fantasy 232,000 My Beautiful Dark Twisted Fantasy Nicki Minaj, Bon Iver, Jon Anderson
57%
14 Forever 691,000 Single Drake, Lil Wayne, Eminem
57%
7 I Love It 934,000 Other Lil Pump
55%
18 All Mine 535,000 Ye -
53%
25 American Boy 424,000 Other Estelle
53%
3 FourFiveSeconds 1,356,000 Other Rihanna, Paul McCartney
53%
26 Follow God 420,000 Jesus is King -
50%
38 Pt. 2 281,000 The Life of Pablo Desiigner, Caroline Shaw
50%
48 4th Dimension 224,000 KIDS SEE GHOSTS Kid Cudi
48%
32 Reborn 367,000 KIDS SEE GHOSTS Kid Cudi
48%
20 Waves 510,000 The Life of Pablo Chris Brown, Kid Cudi
47%
44 Blood on the Leaves 242,000 Yeezus -
46%
40 Yikes 279,000 Ye -
46%
36 Moon 295,000 Donda Don Tolliver, Kid Cudi
44%
41 Jesus Walks 272,000 The College Dropout -
43%
37 Off The Grid 281,000 Donda Playboi Carti, Fivio Foreign
42%
39 FML 279,000 The Life of Pablo The Weeknd
39%
22 Praise God 464,000 Donda Travis Scott, Baby Keem
39%
49 True Love 224,000 Single/Donda 2 XXXTentacion
37%
34 Fade 310,000 The Life of Pablo Post Malone, Ty Dolla $ign
35%
47 Don't Like 224,000 Cruel Summer Pusha T, Big Sean, Jadakiss, Chief Keef
32%
15 Mercy 639,000 Cruel Summer Big Sean, Pusha T, 2 Chainz
32%
43 Real Friends 257,000 The Life of Pablo Ty Dolla $ign
28%
33 Champions 355,000 Single Gucci Mane, Big Sean, 2 Chainz, Travis Scott, Yo Gotti, Quavo, Desiigner
19%
42 Mixed Personalities 258,000 Other YNW Melly
16%
30 Clique 403,000 Cruel Summer Jay-Z, Big Sean
13%
50 All We Got 220,000 Other Chance the Rapper
6%
No matching quizzes found
Score Distribution
Percent of People with Each Score
Percentile by Number Answered
Your Score History
You have not taken this quiz